Statistics for US States that Start with M (correct spelling)

Click here to take the quiz!

General Stats

  • This quiz has been taken 221 times
  • The average score is 7 of 8

Answer Stats

State% Correct
Montana
94%
Maine
89%
Mississippi
86%
Maryland
85%
Missouri
85%
Michigan
84%
Minnesota
84%
Massachusetts
81%

Score Distribution

Percentile by Number Answered

Percent of People with Each Score

Your Score History

You have not taken this quiz